Handbook of Monochromatic XPS Spestra. Semiconductors

Dades bibliogràfiques
Autor principal: Crist V. Vincent
Idioma:anglès
Publicat: Chichester, John Wiley & Sons, LTD., 2000
Matèries:
Format: MixedMaterials Llibre
KOHA link:https://koha.lib.tpu.ru/cgi-bin/koha/opac-detail.pl?biblionumber=141195

MARC

LEADER 00000nam0a2200000 4500
001 141195
005 20231031142348.0
010 |a 0471492663 
035 |a (RuTPU)RU\TPU\book\153045 
090 |a 141195 
100 |a 20080805d2000 k y0rusy50 ca 
101 0 |a eng 
102 |a GB 
105 |a a z 001zy 
200 1 |a Handbook of Monochromatic XPS Spestra. Semiconductors  |f V. Crist 
210 |a Chichester  |c John Wiley & Sons, LTD.  |d 2000 
215 |a 539 p.  |c il. 
610 1 |a полупроводники 
610 1 |a аналитическая химия 
610 1 |a химический анализ 
610 1 |a английский язык 
675 |a 537.311.322:54  |v 3 
700 1 |a Crist  |b V.  |g Vincent 
801 1 |a RU  |b 63413507  |c 20080805  |g PSBO 
801 2 |a RU  |b 63413507  |c 20080905  |g PSBO 
942 |c BK